| 000 | 00536nam a2200205Ia 4500 | ||
|---|---|---|---|
| 999 |
_c35556 _d35556 |
||
| 001 | 1417 | ||
| 003 | GE_BSU | ||
| 005 | 20221115111219.0 | ||
| 008 | 181216s2003||||enk|||||||||||||| ||eng|| | ||
| 020 | _a9781405007689x | ||
| 040 | _cGE_BSU | ||
| 041 | _aeng | ||
| 080 | _a811.111 W-50 | ||
| 100 |
_aWith, Key _915809 |
||
| 245 |
_aIntermediate Language Practice. _bEnglish Gramamar and Vocabulary. _cWith, Key. |
||
| 264 | _c2003. | ||
| 300 |
_a295 p.; _b25 cm. |
||
| 653 | _aენის პრაქტიკა | ||
| 942 |
_cBK _2udc |
||